Statistics explained : an introductory guide for life scientists

Αποθηκεύτηκε σε:
Λεπτομέρειες βιβλιογραφικής εγγραφής
Κύριος συγγραφέας: McKillup, Steve
Μορφή: Βιβλίο
Γλώσσα:English
Δημοσίευση: Cambridge, UK ; New York : Cambridge University Press, 2006
Θέματα:
Ετικέτες: Προσθήκη ετικέτας
Δεν υπάρχουν, Καταχωρήστε ετικέτα πρώτοι!

MARC

LEADER 00000nam a2200000 i 4500
001 1/77420
008 080314s2006 eng d
020 |a 0-521-83550-X 
035 |l 10095437 
040 |a GR-MY-UA  |b gre  |e aacr 
041 0 |a eng 
082 0 |a 570.15195  |2 (22) 
100 1 |a McKillup, Steve. 
245 1 0 |a Statistics explained :  |b an introductory guide for life scientists /  |c Steve McKillup 
260 |a Cambridge, UK ; New York :   |b Cambridge University Press,   |c 2006 
300 |a xii, 267 σ.;  |b εικ.;  |c 24 εκ. 
504 |a Περιέχει βιβλιογραφικές παραπομπές (σ. [261]-262) και ευρετήριο 
650 0 0 |a Life sciences  |x Statistical methods. 
650 0 0 |a Statistics. 
852 |a INST  |b SAMOS  |e 20080314  |h 570.15195 MCK  |p 005300026669  |q 005300026669  |t BK  |y 0 
901 |a BIBL3-2008-1 
909 |a Σ  |b 142385 
922 |a 3ΕΛΗ  |b 200712  |c ΕΠΕΑΕΚ2/ΤΜΗΜΑ ΜΑΘΗΜΑΤΙΚΩΝ  |d ΕΛΕΥΘΕΡΟΥΔΑΚΗΣ 
970 |a ΡΟΥΣΣΟΥ  |b ΚΩΝΣΤΑΝΤΙΝΑ  |z 2008/03/14